Komunikovat, či integrovat?

Public relations (PR) ako podpora pre marketingové aktivity spoločnosti. Spolupráca s personálnym oddelením. PR ako súčasť integrovanej marketingovej komunikácie. Komunikácia a spolupráca marketingového oddelenia s PR oddelením. Využitie efektívnych komunikačných kanálov.

Saved in:
Bibliographic Details
Main Author: Nejezchlebová, Linda
Format: Book Chapter
Language:Czech
Subjects:
Tags: Add Tag
No Tags, Be the first to tag this record!

MARC

LEADER 00000naa$a2200000$$$4500
001 0049024
005 20231016105227.3
041 0 |a cze 
044 |a CZ 
245 1 0 |a Komunikovat, či integrovat?  |c Linda Nejezchlebová 
520 |a Public relations (PR) ako podpora pre marketingové aktivity spoločnosti. Spolupráca s personálnym oddelením. PR ako súčasť integrovanej marketingovej komunikácie. Komunikácia a spolupráca marketingového oddelenia s PR oddelením. Využitie efektívnych komunikačných kanálov. 
610 2 0 |a práca s verejnosťou 
610 2 0 |a komunikácia 
610 2 0 |a marketing 
610 2 0 |a komunikácia marketingová 
610 2 0 |a spoločnosti 
610 2 0 |a médiá 
610 2 0 |a zákazníci 
610 2 0 |a obchod 
100 1 |a Nejezchlebová, Linda